| 000 | 00640nam a22002057a 4500 | ||
|---|---|---|---|
| 999 |
_c7936 _d7936 |
||
| 003 | OSt | ||
| 005 | 20220803120212.0 | ||
| 008 | 220803b ||||| |||| 00| 0 eng d | ||
| 020 | _a9780199227020 | ||
| 040 | _cddc | ||
| 082 | _a577.68 MAR 2011 | ||
| 100 |
_aMichel J. Kaiser _916129 |
||
| 245 |
_aMarine ecology : _b processes, systems, and impacts |
||
| 250 | _aSecond edition | ||
| 260 |
_aNew York : _b Oxford University Press; _c©2011 |
||
| 300 |
_axxviii, 501 pages : _bcolor illustrations, color maps ; _c25 cm |
||
| 504 | _aIncludes bibliographical references and index | ||
| 650 |
_aMarine ecology. _916130 |
||
| 942 |
_2ddc _cBOOK |
||